[Event "?"]
[Site "?"]
[Date "2011.06.03"]
[Round "3.28"]
[White "Kuhn, Magnus"]
[Black "Srokovskiy, Andrea"]
[Result "1/2-1/2"]
[WhiteElo "1579"]
[BlackElo "1749"]
[PlyCount "80"]
[EventDate "2011.??.??"]

1. e4 c5 2. Nf3 a6 3. d4 cxd4 4. Nxd4 Nf6 5. Nc3 e5 6. Nf3 Bb4 7. Bd3 d5 8. Qe2
d4 9. a3 Qa5 10. Rb1 Bxa3 11. bxa3 Qxc3+ 12. Bd2 Qc7 13. O-O O-O 14. Rfc1 Be6
15. c3 Nc6 16. cxd4 exd4 17. Nxd4 Nxd4 18. Rxc7 Nxe2+ 19. Bxe2 Nxe4 20. Bb4
Rfb8 21. f3 Nf6 22. Be7 b5 23. Bxf6 gxf6 24. Bd3 Rc8 25. Rbc1 h6 26. Be4 Rab8
27. Bb7 Rxb7 28. Rxc8+ Bxc8 29. Rxc8+ Kg7 30. Ra8 Rb6 31. Kf2 Re6 32. g4 Kg6
33. Rg8+ Kh7 34. Ra8 Kg7 35. h4 Rc6 36. Kg3 f5 37. gxf5 Kf6 38. Ra7 h5 39. Kh3
Kxf5 40. Rxf7+ Kg6 1/2-1/2

[Event "?"]
[Site "?"]
[Date "2011.06.03"]
[Round "3.29"]
[White "Dölker, Kai"]
[Black "Hartmann, Christian"]
[Result "1-0"]
[WhiteElo "1742"]
[BlackElo "1500"]
[PlyCount "101"]
[EventDate "2011.??.??"]

1. d4 g6 2. c4 Bg7 3. Nc3 c5 4. Nf3 cxd4 5. Nxd4 Nc6 6. e3 a6 7. Be2 d6 8. O-O
Nh6 9. Nxc6 bxc6 10. Qc2 O-O 11. e4 f5 12. f3 Qb6+ 13. Kh1 Nf7 14. Na4 Qa7 15.
c5 Bd4 16. cxd6 exd6 17. Bc4 Kg7 18. Rd1 Nd8 19. Bd2 c5 20. Bc3 Nc6 21. Bd5
Bxc3 22. Bxc6 Be5 23. Bxa8 Qxa8 24. Nb6 Qb7 25. Nc4 Qe7 26. Nxe5 Qxe5 27. Qc3
Qxc3 28. bxc3 fxe4 29. fxe4 Rf6 30. Kg1 Kf7 31. Rf1 Rxf1+ 32. Rxf1+ Ke6 33. Kf2
Ke5 34. Ke3 Be6 35. a3 d5 36. exd5 Kxd5 37. Rf8 Kc4 38. Kd2 Kb3 39. Ra8 Bc4 40.
Rh8 h5 41. Rh6 Bf7 42. Rh7 Be8 43. Re7 Bb5 44. Re6 Kxa3 45. Rxg6 Kb3 46. Rg5
Kc4 47. Rxh5 a5 48. Kc2 a4 49. Kb2 Bc6 50. g4 Bf3 51. Rh8 1-0

[Event "?"]
[Site "?"]
[Date "2011.06.03"]
[Round "3.30"]
[White "Giugno, Carmelo"]
[Black "Schmitz, Harald"]
[Result "0-1"]
[WhiteElo "1517"]
[BlackElo "1739"]
[PlyCount "92"]
[EventDate "2011.??.??"]

1. d4 Nf6 2. c4 g6 3. Nc3 d5 4. Nf3 Bg7 5. Bg5 c6 6. a4 O-O 7. Qd2 Bf5 8. Bh6
Nbd7 9. Bxg7 Kxg7 10. h3 dxc4 11. g4 Be4 12. Bg2 Bxf3 13. Bxf3 Nb6 14. e4 e5
15. dxe5 Qxd2+ 16. Kxd2 Nfd7 17. a5 Nxe5 18. Be2 Rad8+ 19. Kc2 Na8 20. Rad1 g5
21. Rhf1 Nc7 22. Rxd8 Rxd8 23. Rd1 Rxd1 24. Nxd1 Ne6 25. Kc3 Nf4 26. Bf1 b5 27.
axb6 axb6 28. Ne3 b5 29. Kd4 Kf6 30. Kc5 Ke6 31. Nf5 Kd7 32. Kd4 f6 33. Ke3 c5
34. h4 Nxg4+ 35. Kd2 Nxf2 36. Ke3 Nd1+ 37. Kf3 Nxb2 38. hxg5 fxg5 39. Kg4 Nbd3
40. Kxg5 b4 41. Ne3 c3 42. Kf5 b3 43. e5 c2 44. e6+ Nxe6 45. Bxd3 c1=Q 46. Bb5+
Kd8 0-1

[Event "?"]
[Site "?"]
[Date "2011.06.03"]
[Round "3.31"]
[White "Piskaykin, Bogdan"]
[Black "Bay, Johannes"]
[Result "0-1"]
[WhiteElo "1329"]
[BlackElo "1650"]
[PlyCount "66"]
[EventDate "2011.??.??"]

1. e4 b6 2. d4 Bb7 3. Bd3 e6 4. Nf3 Nf6 5. e5 Nd5 6. a3 d6 7. c4 Ne7 8. exd6
cxd6 9. Bg5 Nd7 10. O-O h6 11. Bh4 g5 12. Bg3 d5 13. Nbd2 Bg7 14. h3 Nf6 15.
Ne5 dxc4 16. Ndxc4 O-O 17. Bc2 Rc8 18. f4 gxf4 19. Bxf4 Ned5 20. Bh2 b5 21. Nd6
Qxd6 22. Rxf6 Nxf6 23. Ng6 Qd7 24. Nxf8 Qc6 25. Qf3 Qxf3 26. gxf3 Rxc2 27. Bd6
Bxf8 28. Bxf8 Kxf8 29. a4 b4 30. b3 Bxf3 31. Re1 Rg2+ 32. Kf1 Nh5 33. Re3 Ng3+
0-1

[Event "?"]
[Site "?"]
[Date "2011.06.03"]
[Round "3.32"]
[White "Maisch, Johannes"]
[Black "Wang, Julia"]
[Result "0-1"]
[WhiteElo "1306"]
[BlackElo "1719"]
[PlyCount "98"]
[EventDate "2011.??.??"]

1. e4 c6 2. d4 d5 3. exd5 cxd5 4. Nf3 Bf5 5. Bd3 Bxd3 6. Qxd3 Nc6 7. Bf4 e6 8.
O-O Nf6 9. c3 Be7 10. Nbd2 O-O 11. Rfe1 Rc8 12. h3 a6 13. Ne5 b5 14. b4 Qb6 15.
Bg5 Rfd8 16. a4 Ra8 17. axb5 axb5 18. Rxa8 Rxa8 19. Bxf6 Bxf6 20. Nd7 Qc7 21.
Nxf6+ gxf6 22. Qxb5 Ra3 23. Rc1 Nxd4 24. Qd3 Nc6 25. Qg3+ Qxg3 26. fxg3 Ne5 27.
Nf3 Nd3 28. Rc2 Kf8 29. Kf1 e5 30. Ke2 e4 31. Nd4 Ra1 32. h4 Re1+ 33. Kd2 Ke7
34. Ne2 Kd6 35. Nc1 Rxc1 36. Rxc1 Nxc1 37. Kxc1 f5 38. Kd2 Kc6 39. Ke3 Kb5 40.
Kd4 f6 41. h5 h6 42. Ke3 Kc4 43. g4 fxg4 44. g3 f5 45. Kf4 d4 46. cxd4 Kxd4 47.
b5 Kc5 48. Ke3 Kxb5 49. Kd4 Kb4 0-1

[Event "?"]
[Site "?"]
[Date "2011.06.03"]
[Round "3.34"]
[White "Duran, Suat"]
[Black "Reichert, Ferdinand"]
[Result "1-0"]
[WhiteElo "1687"]
[BlackElo "1494"]
[PlyCount "106"]
[EventDate "2011.??.??"]

1. d4 g6 2. Nf3 Bg7 3. Bf4 d6 4. e3 Nf6 5. h3 b6 6. Nbd2 Bb7 7. Bd3 Nbd7 8. O-O
O-O 9. Be2 c5 10. c3 cxd4 11. exd4 Nh5 12. Bh2 Nhf6 13. Qb3 Bh6 14. Rad1 Ne4
15. Nxe4 Bxe4 16. Nd2 Bb7 17. Bf3 Bxf3 18. Nxf3 Nf6 19. Rfe1 Qd7 20. Re2 Rfe8
21. Ne5 dxe5 22. dxe5 Qe6 23. Qxe6 fxe6 24. exf6 exf6 25. g4 e5 26. Kf1 Rad8
27. Ke1 Rxd1+ 28. Kxd1 Rd8+ 29. Kc2 Kf7 30. f3 Rd7 31. Bg1 Rd5 32. Be3 Bf8 33.
b4 Rd7 34. Rd2 Rxd2+ 35. Kxd2 Ke6 36. Kd3 Kd5 37. c4+ Kc6 38. b5+ Kb7 39. Ke4
Kc7 40. Kd5 Kd7 41. a4 Bb4 42. c5 bxc5 43. Bxc5 Bxc5 44. Kxc5 Kc7 45. a5 f5 46.
gxf5 gxf5 47. Kd5 e4 48. fxe4 f4 49. Kd4 Kd6 50. e5+ Ke6 51. Ke4 f3 52. Kxf3
Kxe5 53. b6 a6 1-0

[Event "?"]
[Site "?"]
[Date "2011.06.03"]
[Round "3.35"]
[White "Pelezki, Jurij"]
[Black "Awiszus, Thomas"]
[Result "1-0"]
[WhiteElo "1822"]
[BlackElo "1613"]
[PlyCount "45"]
[EventDate "2011.??.??"]

1. c4 Nf6 2. d4 e6 3. Nf3 d5 4. c5 Nc6 5. Nc3 b6 6. b4 Qd7 7. b5 Ne7 8. c6 Qd6
9. Bb2 g6 10. Qc2 Bg7 11. g3 O-O 12. Bg2 Re8 13. Ne5 Nf5 14. e3 h6 15. O-O Nh7
16. Ne2 f6 17. Nxg6 e5 18. h4 Ne7 19. f3 Nf8 20. Nxf8 Rxf8 21. Rad1 Nf5 22. Qd3
Be6 23. Ba3 1-0

[Event "?"]
[Site "?"]
[Date "2011.06.03"]
[Round "3.36"]
[White "Weigel, Curt"]
[Black "Wurm, Frank"]
[Result "1-0"]
[WhiteElo "1810"]
[BlackElo "1614"]
[PlyCount "61"]
[EventDate "2011.??.??"]

1. c4 g6 2. e4 Bg7 3. d4 d6 4. Be3 Nf6 5. Nc3 O-O 6. f3 e5 7. d5 b6 8. Qd2 Bb7
9. h4 c6 10. g4 cxd5 11. cxd5 Nfd7 12. h5 Bf6 13. Qh2 g5 14. Nge2 Nc5 15. Ng3
Bc8 16. b4 Nb7 17. h6 Bh8 18. Qd2 f6 19. Rc1 Qe7 20. Rh2 Bd7 21. Nb5 Bxb5 22.
Bxb5 Kf7 23. Nf5 Qd8 24. Bc6 Nxc6 25. dxc6 Nc5 26. bxc5 dxc5 27. Rd1 Kg6 28.
Qxd8 Raxd8 29. Rxd8 Rxd8 30. c7 Ra8 31. Rd2 1-0

[Event "?"]
[Site "?"]
[Date "2011.06.03"]
[Round "3.37"]
[White "Reichardt, Bernd"]
[Black "Samietz, Jannick"]
[Result "1-0"]
[WhiteElo "1803"]
[BlackElo "1581"]
[PlyCount "159"]
[EventDate "2011.??.??"]

1. e4 d5 2. exd5 Qxd5 3. Nc3 Qd6 4. Bc4 c6 5. Qf3 e6 6. Nge2 Nf6 7. Ne4 Nxe4 8.
Qxe4 Nd7 9. c3 Nf6 10. Qf3 Qc7 11. h4 Bd6 12. h5 h6 13. d4 e5 14. dxe5 Bxe5 15.
Bf4 Bg4 16. Qe3 Nd7 17. f3 Bf5 18. O-O-O O-O 19. Rxd7 Bxf4 20. Rxc7 Bxe3+ 21.
Kd1 Rad8+ 22. Ke1 b5 23. Bb3 c5 24. Re7 Bd2+ 25. Kf2 c4 26. Bd1 Rfe8 27. Rxe8+
Rxe8 28. Nd4 Be3+ 29. Kg3 Bxd4 30. cxd4 Rd8 31. Rh4 b4 32. Kf2 c3 33. bxc3 bxc3
34. Bb3 c2 35. Rh1 Rxd4 36. Rc1 Rd1 37. Rxd1 cxd1=Q 38. Bxd1 Be6 39. a4 Kf8 40.
Ke3 Ke7 41. Kd4 Kd6 42. Bc2 Bd5 43. a5 f6 44. Ba4 Bf7 45. g4 Bd5 46. Bd1 Bb7
47. Be2 Bc8 48. Bd3 Bb7 49. Be4 Bc6 50. Bxc6 Kxc6 51. Kc4 a6 52. f4 Kd6 53. Kd4
Kc6 54. Ke4 Kd6 55. Kf5 Ke7 56. Kg6 Kf8 57. g5 fxg5 58. fxg5 hxg5 59. Kxg5 Kf7
60. Kf5 g6+ 61. hxg6+ Kg7 62. Kg5 Kg8 63. Kf6 Kf8 64. Ke6 Kg7 65. Kd6 Kxg6 66.
Kc6 Kf6 67. Kb6 Ke6 68. Kxa6 Kd6 69. Kb7 Kd7 70. a6 Kd8 71. a7 Kd7 72. a8=Q Kd6
73. Qa5 Kd7 74. Qb6 Ke7 75. Qg6 Kd7 76. Qf6 Ke8 77. Qg7 Kd8 78. Kc6 Ke8 79. Kd6
Kd8 80. Qf8# 1-0

[Event "?"]
[Site "?"]
[Date "2011.06.03"]
[Round "3.38"]
[White "Hamm, Julian"]
[Black "Schmidt, Armin"]
[Result "1-0"]
[WhiteElo "1684"]
[BlackElo "1578"]
[PlyCount "89"]
[EventDate "2011.??.??"]

1. c4 Nf6 2. Nc3 g6 3. g3 Bg7 4. Bg2 O-O 5. Nf3 c6 6. O-O d5 7. cxd5 Nxd5 8. d4
Be6 9. e4 Nxc3 10. bxc3 Bg4 11. Qb3 Qb6 12. Be3 Qxb3 13. axb3 Bxf3 14. Bxf3 a6
15. Bg2 Nd7 16. f4 e6 17. Rac1 Rac8 18. c4 c5 19. d5 exd5 20. cxd5 Bd4 21. Bxd4
cxd4 22. Bh3 Rxc1 23. Rxc1 Nf6 24. d6 Nxe4 25. d7 Nc3 26. Re1 Rd8 27. Re8+ Kg7
28. Rxd8 d3 29. Rg8+ Kxg8 30. d8=Q+ Kg7 31. Qd4+ Kf8 32. Qxc3 f5 33. Qxd3 Ke7
34. Bg2 h5 35. Bxb7 h4 36. Bc6 hxg3 37. Qd7+ Kf6 38. Qd8+ Kg7 39. Be8 gxh2+ 40.
Kxh2 a5 41. Qe7+ Kh6 42. Qg5+ Kh7 43. Qxg6+ Kh8 44. Bf7 a4 45. Qg8# 1-0

[Event "?"]
[Site "?"]
[Date "2011.06.03"]
[Round "3.39"]
[White "Schiller, Anna-Katharina"]
[Black "Stoll, Katja"]
[Result "1-0"]
[WhiteElo "1653"]
[BlackElo "1564"]
[PlyCount "79"]
[EventDate "2011.??.??"]

1. e4 e5 2. Nf3 Nf6 3. Nxe5 d6 4. Nf3 Nxe4 5. Qe2 Qe7 6. d3 Nf6 7. Bg5 Qxe2+ 8.
Bxe2 Be7 9. Nc3 Nc6 10. h3 h6 11. Bh4 Bd7 12. d4 g5 13. Bg3 O-O-O 14. O-O-O Bf5
15. Bc4 d5 16. Bb5 Nb4 17. Ba4 Ne4 18. Nxe4 dxe4 19. Ne5 Be6 20. a3 Na2+ 21.
Kb1 Bxa3 22. Bb3 Nc3+ 23. bxc3 Bxb3 24. cxb3 Rhf8 25. b4 Rd6 26. Nc4 Ra6 27.
Kc2 b5 28. Na5 Bxb4 29. cxb4 f5 30. Be5 Re8 31. Ra1 Ree6 32. Nb3 Kb8 33. Nc5
Rxa1 34. Rxa1 Rc6 35. d5 Rg6 36. Ra5 Kc8 37. Rxa7 Kb8 38. Rb7+ Ka8 39. Rxb5 h5
40. Bxc7 1-0

[Event "?"]
[Site "?"]
[Date "2011.06.03"]
[Round "3.40"]
[White "Gorb, Eugeniusz"]
[Black "Mayer, Dietmar"]
[Result "1-0"]
[WhiteElo "1592"]
[BlackElo "1785"]
[PlyCount "63"]
[EventDate "2011.??.??"]

1. e4 d5 2. exd5 Nf6 3. Nc3 Nxd5 4. Bc4 Nb6 5. Bb3 c5 6. d3 Nc6 7. Qf3 e6 8.
Nge2 Be7 9. Qg3 O-O 10. Bh6 Bf6 11. Ne4 Kh8 12. Be3 Bxb2 13. Rd1 Be5 14. Qh3
Nd4 15. Ng5 h6 16. Nxd4 Bxd4 17. Bd2 Nd5 18. Ne4 Nf6 19. O-O Nxe4 20. dxe4 Qe7
21. c3 Bf6 22. f4 e5 23. f5 b6 24. Bxh6 gxh6 25. Qxh6+ Kg8 26. Rf3 Bg7 27. Rg3
Qf6 28. Rg6 Bb7 29. Rd6 c4 30. Rdxf6 fxg6 31. Bxc4+ Rf7 32. Qxg6 1-0

[Event "?"]
[Site "?"]
[Date "2011.06.03"]
[Round "3.41"]
[White "Weis, Olga"]
[Black "Hahn, Martin"]
[Result "0-1"]
[WhiteElo "1541"]
[BlackElo "1783"]
[PlyCount "94"]
[EventDate "2011.??.??"]

1. e4 d5 2. exd5 Qxd5 3. Nc3 Qd8 4. Bc4 Nf6 5. Nf3 c6 6. O-O e6 7. d3 b5 8. Bb3
Be7 9. Bd2 Bb7 10. Nd4 Qxd4 11. Be3 Qd8 12. Qf3 a6 13. Qg3 c5 14. a3 Bd6 15.
Qg5 O-O 16. Bxc5 Bxc5 17. Qxc5 Nbd7 18. Qg5 Rc8 19. Rad1 Qb6 20. Rfe1 Qc5 21.
Qg3 Qh5 22. f3 h6 23. Kh1 Qf5 24. Kg1 Rfd8 25. Kh1 Qc5 26. Ne2 Bd5 27. Bxd5
Nxd5 28. c3 Qc7 29. Qf2 e5 30. d4 exd4 31. Nxd4 N7f6 32. Kg1 Re8 33. Rxe8+ Rxe8
34. Re1 Rxe1+ 35. Qxe1 Kf8 36. Qb1 Qe5 37. Nc6 Qe2 38. Nd4 Qd2 39. Nc2 g6 40.
g3 Ne3 41. Nxe3 Qxe3+ 42. Kh1 Qxf3+ 43. Kg1 Ng4 44. Qe1 Qe3+ 45. Qxe3 Nxe3 46.
Kf2 Nc4 47. b3 Nxa3 0-1

[Event "?"]
[Site "?"]
[Date "2011.06.03"]
[Round "3.42"]
[White "Körber, Christian"]
[Black "Issaad, Pascal"]
[Result "0-1"]
[WhiteElo "1728"]
[BlackElo "1540"]
[PlyCount "52"]
[EventDate "2011.??.??"]

1. Nf3 d5 2. d4 Nf6 3. e3 Bf5 4. c4 e6 5. Nc3 c6 6. Bd3 Bxd3 7. Qxd3 Bd6 8. O-O
O-O 9. e4 dxe4 10. Nxe4 Nxe4 11. Qxe4 Nd7 12. b3 Qf6 13. Bb2 Qg6 14. Qe2 Nf6
15. Rad1 Rad8 16. Rd2 Bb4 17. Rd3 Nd7 18. Rfd1 Nb6 19. Ne5 Qg5 20. Rg3 Qe7 21.
d5 f6 22. dxc6 fxe5 23. Bxe5 g6 24. Rxd8 Rxd8 25. Qf3 bxc6 26. Bf6 Qxf6 0-1

[Event "?"]
[Site "?"]
[Date "2011.06.03"]
[Round "3.43"]
[White "Balija, Cerim"]
[Black "Trobonjaca, Milos"]
[Result "1-0"]
[WhiteElo "1532"]
[BlackElo "1647"]
[PlyCount "75"]
[EventDate "2011.??.??"]

1. e4 c5 2. Nc3 Nc6 3. Nf3 g6 4. Bc4 Bg7 5. Ng5 Ne5 6. Qe2 e6 7. f4 Nxc4 8.
Qxc4 d6 9. O-O h6 10. Nf3 Ne7 11. d4 cxd4 12. Nxd4 a6 13. Be3 O-O 14. Nd1 e5
15. fxe5 dxe5 16. Nf3 Bd7 17. Nc3 Rc8 18. Qb3 Bc6 19. Rad1 Qc7 20. Bb6 Qb8 21.
Bc5 Rce8 22. Nh4 b5 23. Bxe7 Qa7+ 24. Kh1 Rxe7 25. Nxg6 Rfe8 26. Nxe7+ Rxe7 27.
Rd2 Kh7 28. Rdf2 Be8 29. Nd5 Rd7 30. Nf6+ Bxf6 31. Rxf6 Qb7 32. Qf3 Re7 33.
Qf5+ Kg7 34. Qh5 Qxe4 35. Qxh6+ Kg8 36. Qg5+ Kf8 37. Rh6 f6 38. Rh8+ 1-0

[Event "?"]
[Site "?"]
[Date "2011.06.03"]
[Round "3.44"]
[White "Schreiber, Winfried"]
[Black "Kalwei, Reinhard"]
[Result "1-0"]
[WhiteElo "1646"]
[BlackElo "1531"]
[PlyCount "59"]
[EventDate "2011.??.??"]

1. c4 c5 2. Nc3 Nc6 3. Nf3 Nf6 4. g3 d6 5. Bg2 e6 6. O-O Be7 7. d4 cxd4 8. Nxd4
Bd7 9. Bg5 O-O 10. Ndb5 Ne8 11. Bxe7 Qxe7 12. Ne4 Rd8 13. Nbxd6 Nxd6 14. Qxd6
Qxd6 15. Nxd6 b6 16. Rfd1 Be8 17. Nxe8 Rxd1+ 18. Rxd1 Ne5 19. Nd6 Rd8 20. b3 f6
21. Bh3 f5 22. Bxf5 exf5 23. Rd5 Nf7 24. Nxf7 Rxd5 25. cxd5 Kxf7 26. f3 g5 27.
e4 g4 28. e5 h5 29. f4 a5 30. Kf2 1-0

[Event "?"]
[Site "?"]
[Date "2011.06.03"]
[Round "3.45"]
[White "Grözinger, Werner"]
[Black "Mejerski, Stephan"]
[Result "0-1"]
[WhiteElo "1417"]
[BlackElo "1619"]
[PlyCount "76"]
[EventDate "2011.??.??"]

1. e4 c5 2. Nf3 Nc6 3. c3 d6 4. d4 Bg4 5. Be2 Nf6 6. d5 Ne5 7. Nxe5 Bxe2 8.
Qxe2 dxe5 9. Bg5 Qd7 10. f3 a6 11. O-O h6 12. Be3 e6 13. dxe6 Qxe6 14. Rd1 Be7
15. Nd2 O-O 16. Qc4 Qc6 17. a4 b5 18. axb5 axb5 19. Qe2 c4 20. Nf1 Rxa1 21.
Rxa1 Ra8 22. Rb1 Nd7 23. Ng3 Bc5 24. Kf1 Bxe3 25. Qxe3 Qc5 26. Nf5 Qxe3 27.
Nxe3 Nc5 28. Nd5 Nd3 29. b4 cxb3 30. Rxb3 Ra1+ 31. Ke2 Nc1+ 32. Ke3 Nxb3 33.
Nc7 Ra2 34. g4 Nc1 35. f4 exf4+ 36. Kxf4 Ne2+ 37. Kf5 Nxc3 38. h4 b4 0-1

[Event "?"]
[Site "?"]
[Date "2011.06.03"]
[Round "3.46"]
[White "Steinmassl, Guido"]
[Black "Wunder, Anton"]
[Result "1-0"]
[WhiteElo "1615"]
[BlackElo "1423"]
[PlyCount "53"]
[EventDate "2011.??.??"]

1. e4 e5 2. Bc4 Nf6 3. Nc3 Bc5 4. d3 d6 5. Bg5 c6 6. Qd2 b5 7. Nxb5 cxb5 8. Bd5
h6 9. Bxf6 Qxf6 10. Bxa8 Be6 11. b4 Bb6 12. Bd5 Bxd5 13. exd5 e4 14. Rc1 exd3
15. cxd3 O-O 16. Nh3 Qe5+ 17. Kd1 Qxd5 18. Nf4 Qd4 19. Re1 d5 20. Rc2 g5 21.
Nh5 f6 22. Qe3 Qxb4 23. Qe6+ Kh8 24. Qf5 Qd6 25. Qg6 Qd7 26. Qxh6+ Qh7 27.
Qxf8+ 1-0

[Event "?"]
[Site "?"]
[Date "2011.06.03"]
[Round "3.47"]
[White "Fischer, Mark"]
[Black "Beck, Jens"]
[Result "1-0"]
[WhiteElo "1552"]
[BlackElo "1379"]
[PlyCount "55"]
[EventDate "2011.??.??"]

1. d4 Nf6 2. Nf3 e6 3. e3 d5 4. Bd3 c5 5. c3 Nc6 6. Nbd2 Be7 7. O-O O-O 8. dxc5
Bxc5 9. e4 dxe4 10. Nxe4 Nxe4 11. Bxe4 Qc7 12. Qe2 Bd7 13. Ng5 g6 14. Qf3 Bd6
15. Qh3 h5 16. f4 f5 17. Bc2 Ne7 18. Bb3 Nd5 19. Qg3 Bc5+ 20. Kh1 Kg7 21. Nf3
Bd6 22. Ne5 Bxe5 23. fxe5 Rh8 24. Bg5 Kf8 25. Rad1 Ne7 26. Bxe7+ Kxe7 27. Qxg6
Raf8 28. Rd6 1-0

[Event "?"]
[Site "?"]
[Date "2011.06.03"]
[Round "3.48"]
[White "Kruck, Mathias"]
[Black "Lin, Jean-Claude"]
[Result "0-1"]
[WhiteElo "1545"]
[BlackElo "1348"]
[PlyCount "76"]
[EventDate "2011.??.??"]

1. c4 Nf6 2. Nf3 g6 3. g3 Bg7 4. Bg2 O-O 5. O-O d5 6. Qc2 Bf5 7. d3 Re8 8. Bf4
c6 9. Nc3 Nbd7 10. cxd5 cxd5 11. Rac1 Rc8 12. Qb3 e5 13. Bd2 Nc5 14. Qc2 e4 15.
Nd4 exd3 16. Qd1 Qd7 17. e3 Bh3 18. f3 h5 19. Rf2 a5 20. Qf1 Bxg2 21. Kxg2 b6
22. Ncb5 Nh7 23. h4 Re7 24. Re1 Rce8 25. Nc3 Bh6 26. Nd1 g5 27. Qh1 g4 28. f4
f5 29. Qf1 Nf6 30. Nc3 Nfe4 31. Nxe4 dxe4 32. Rc1 Bg7 33. Rc4 b5 34. Rxc5 Bxd4
35. exd4 Qxd4 36. Qc1 e3 37. Re5 Rxe5 38. fxe5 Qe4+ 0-1

[Event "?"]
[Site "?"]
[Date "2011.06.03"]
[Round "3.50"]
[White "Florio, Antonio"]
[Black "Sigmund, Wolfgang"]
[Result "1-0"]
[WhiteElo "1771"]
[BlackElo "1586"]
[PlyCount "58"]
[EventDate "2011.??.??"]

1. c4 Nf6 2. Nc3 c6 3. e4 e5 4. g3 d5 5. exd5 cxd5 6. cxd5 Nxd5 7. Bg2 Be6 8.
Qa4+ Nc6 9. Qb5 Nde7 10. Qxb7 Rc8 11. Nh3 Bc4 12. Nb5 Qd3 13. Bxc6+ Rxc6 14.
Qb8+ Rc8 15. Nd6+ Kd8 16. Nb7+ Ke8 17. Qxe5 Rc6 18. Nf4 Qf3 19. Rg1 Be6 20. Qe3
Rxc1+ 21. Rxc1 Qxb7 22. Nxe6 fxe6 23. Qxe6 g6 24. Rc2 Bg7 25. Kd1 Qd7 26. Re1
Qxe6 27. Rxe6 Kd7 28. Ra6 Bd4 29. Rc4 Bb6 {Rest unvollstaendig} 1-0

[Event "?"]
[Site "?"]
[Date "2011.06.03"]
[Round "4.1"]
[White "Paschmann, Stefan"]
[Black "Winkler, Tim"]
[Result "1/2-1/2"]
[WhiteElo "1873"]
[BlackElo "1814"]
[PlyCount "45"]
[EventDate "2011.??.??"]
[WhiteTeam "Krefelder SK Turm 1851 e"]
[BlackTeam "SF Deizisau"]

1. d4 Nf6 2. Nf3 g6 3. Nc3 Bg7 4. e4 d6 5. Be3 Nbd7 6. Qd2 a6 7. Bd3 c5 8. d5
b5 9. a3 O-O 10. Bh6 e6 11. Bxg7 Kxg7 12. dxe6 fxe6 13. O-O Bb7 14. Rfe1 d5 15.
Ng5 Re8 16. exd5 Nf8 17. dxe6 c4 18. e7 Rxe7 19. Rxe7+ Qxe7 20. Bf1 Rd8 21. Qe1
Qc7 22. Ne6+ Nxe6 23. Qxe6 1/2-1/2

[Event "?"]
[Site "?"]
[Date "2011.06.03"]
[Round "4.2"]
[White "Ruff, Robert"]
[Black "Riegel, Frank"]
[Result "1/2-1/2"]
[WhiteElo "1785"]
[BlackElo "1872"]
[PlyCount "70"]
[EventDate "2011.??.??"]
[WhiteTeam "SC Gross-Sachsenheim"]
[BlackTeam "SV Stuttgart-Wolfbusch 1956 e.V."]

1. d4 d5 2. c4 e6 3. Nc3 Nf6 4. Bg5 Nbd7 5. cxd5 exd5 6. e3 c6 7. Bd3 Bd6 8.
Qc2 h6 9. Bh4 O-O 10. Nf3 Re8 11. O-O g5 12. Bg3 Bxg3 13. hxg3 Qe7 14. Rab1 a5
15. a3 Ne4 16. b4 axb4 17. axb4 g4 18. Nd2 Ndf6 19. b5 Bd7 20. bxc6 Bxc6 21.
Ndxe4 dxe4 22. Bc4 Ra5 23. Qb3 Ra3 24. Qb2 Ra5 25. Rfd1 Rd8 26. Qd2 Rf5 27. Ne2
b5 28. Bb3 Nd5 29. Bxd5 Rfxd5 30. Nf4 R5d7 31. Rdc1 Qd6 32. Rc3 Rb7 33. Qc2 Rb6
34. Rc1 Bb7 35. Qb3 Rd7 1/2-1/2

[Event "?"]
[Site "?"]
[Date "2011.06.03"]
[Round "4.3"]
[White "Tölg, Wolfgang"]
[Black "Pelezki, Sergej"]
[Result "0-1"]
[WhiteElo "1776"]
[BlackElo "1897"]
[PlyCount "66"]
[EventDate "2011.??.??"]
[WhiteTeam "SF Oeffingen e.V."]
[BlackTeam "SV 1947 Wendlingen"]

1. e4 c6 2. d4 d5 3. e5 Bf5 4. Bd3 Bxd3 5. Qxd3 e6 6. f4 c5 7. c3 Qb6 8. Nf3
Nc6 9. O-O cxd4 10. cxd4 Nge7 11. Nbd2 Nb4 12. Qb3 Nec6 13. Qa4 O-O-O 14. a3
Nxd4 15. Nxd4 Qxd4+ 16. Kh1 Nc6 17. Qxd4 Nxd4 18. b4 Kb8 19. Bb2 Nf5 20. Nb3
Be7 21. Rf3 Rc8 22. Rd3 Rc2 23. Rd2 Rhc8 24. Rxc2 Rxc2 25. Rb1 Nh4 26. Nd4 Rxg2
27. Bc3 Rf2 28. Rg1 g6 29. Rg4 Rf1+ 30. Rg1 Rxf4 31. h3 Rf2 32. a4 Nf3 33. Nxf3
Rxf3 0-1

[Event "?"]
[Site "?"]
[Date "2011.06.03"]
[Round "4.4"]
[White "Uhlarz, Jörg"]
[Black "Haug, Siegmund"]
[Result "0-1"]
[WhiteElo "1775"]
[BlackElo "1894"]
[PlyCount "58"]
[EventDate "2011.??.??"]

1. d4 f5 2. c4 Nf6 3. Nc3 e6 4. Nf3 Bb4 5. Bg5 O-O 6. g3 Qe8 7. Bxf6 Rxf6 8. e3
d6 9. Bg2 Nc6 10. O-O Bxc3 11. bxc3 e5 12. dxe5 dxe5 13. e4 f4 14. Qc2 Qh5 15.
h4 Bg4 16. Qe2 Raf8 17. c5 fxg3 18. fxg3 Bxf3 19. Qc4+ Kh8 20. Rf2 Bxg2 21.
Rxf6 Rxf6 22. Kxg2 Qf3+ 23. Kh3 h5 24. Rg1 Qg4+ 25. Kh2 Rf2+ 26. Rg2 Qf3 27.
Rxf2 Qxf2+ 28. Kh3 Qg1 29. g4 hxg4# 0-1

[Event "?"]
[Site "?"]
[Date "2011.06.03"]
[Round "4.5"]
[White "Schmidt, Tobias"]
[Black "Schömbs, Oliver"]
[Result "0-1"]
[WhiteElo "1580"]
[BlackElo "1884"]
[PlyCount "90"]
[EventDate "2011.??.??"]
[WhiteTeam "SC Tamm 74"]
[BlackTeam "SC Ingersheim e.V."]

1. e4 e5 2. Nf3 Nc6 3. Bc4 Nf6 4. Ng5 d5 5. exd5 Na5 6. Bb5+ c6 7. dxc6 bxc6 8.
Qf3 Bb7 9. Bd3 Qd5 10. Nc3 Qxf3 11. Nxf3 Bd6 12. O-O O-O 13. Re1 Rae8 14. b3 c5
15. Ne4 Nxe4 16. Bxe4 Bxe4 17. Rxe4 f5 18. Re1 e4 19. Ng5 h6 20. Nh3 Nc6 21.
Bb2 g5 22. g3 Nd4 23. Bxd4 cxd4 24. d3 Bb4 25. Re2 exd3 26. Rxe8 Rxe8 27. cxd3
Re2 28. f4 g4 29. Nf2 Be1 30. Kf1 Rxf2+ 31. Kxe1 Rxh2 32. Rc1 Rg2 33. Rc6 Kg7
34. Rc7+ Kg6 35. Rc6+ Kh5 36. Rc5 Rxg3 37. Rxf5+ Kh4 38. Rd5 Rxd3 39. Ke2 Re3+
40. Kd2 Re4 41. f5 g3 42. f6 g2 43. f7 g1=Q 44. f8=Q Qe1+ 45. Kc2 Qc3+ 0-1

[Event "?"]
[Site "?"]
[Date "2011.06.03"]
[Round "4.6"]
[White "Rieder, Josef"]
[Black "Werner, Stefan"]
[Result "1-0"]
[WhiteElo "1851"]
[BlackElo "1707"]
[PlyCount "71"]
[EventDate "2011.??.??"]
[WhiteTeam "Stuttgarter SF 1879"]
[BlackTeam "SSV Zuffenhausen"]

1. e4 e5 2. Nf3 Nc6 3. Bb5 a6 4. Ba4 Nf6 5. O-O b5 6. Bb3 d6 7. Re1 Be7 8. c3
Na5 9. Bc2 c5 10. h3 O-O 11. d4 Qc7 12. Bg5 h6 13. Bh4 Nc6 14. d5 Nd8 15. Nbd2
Nh7 16. Bxe7 Qxe7 17. Nf1 f5 18. a4 Qb7 19. exf5 Bxf5 20. Bxf5 Rxf5 21. Qd3 Rf8
22. Ne3 c4 23. Qc2 Nf6 24. axb5 axb5 25. Rad1 Qf7 26. Nf5 Nb7 27. N3h4 Ra6 28.
Ng6 Re8 29. Re3 Nh5 30. Rf3 Nf4 31. Nxf4 exf4 32. Rxf4 Qh5 33. Ng3 Qg5 34. Rg4
Qe7 35. Qg6 Kh8 36. Re4 1-0

[Event "?"]
[Site "?"]
[Date "2011.06.03"]
[Round "4.7"]
[White "Zaytsev, Evgeny"]
[Black "Munk, Werner"]
[Result "1/2-1/2"]
[WhiteElo "1791"]
[BlackElo "1717"]
[PlyCount "48"]
[EventDate "2011.??.??"]
[WhiteTeam "Stuttgarter SF 1879"]
[BlackTeam "TSV Heumaden"]

1. e4 c6 2. d4 d5 3. Nc3 dxe4 4. Nxe4 Nf6 5. Nxf6+ gxf6 6. g3 Bf5 7. Bg2 e6 8.
Nf3 Nd7 9. O-O Nb6 10. Re1 Bg7 11. Nh4 Bg6 12. c3 O-O 13. Nxg6 hxg6 14. Qb3 Re8
15. Re2 Qd7 16. a4 Rad8 17. a5 Nd5 18. c4 Ne7 19. Be3 Nf5 20. Rd1 Nxe3 21. Rxe3
f5 22. Red3 Qc7 23. Qa2 e5 24. dxe5 Rxd3 1/2-1/2

[Event "?"]
[Site "?"]
[Date "2011.06.03"]
[Round "4.8"]
[White "Notz, Lukas"]
[Black "Büchele, Markus"]
[Result "1-0"]
[WhiteElo "1445"]
[BlackElo "1783"]
[PlyCount "143"]
[EventDate "2011.??.??"]
[WhiteTeam "SV Dettingen Erms"]
[BlackTeam "SpVgg Rommelshausen"]

1. d4 Nf6 2. Bf4 e6 3. e3 c5 4. c3 Nc6 5. Nd2 d5 6. Ngf3 Be7 7. Bd3 O-O 8. Ne5
c4 9. Bc2 b5 10. a3 Bb7 11. h4 Nxe5 12. dxe5 Ne8 13. Nf3 f5 14. Nd4 Nc7 15. g4
Bc5 16. gxf5 Bxd4 17. exd4 exf5 18. Qf3 Ne6 19. Kd2 a5 20. Qg3 Nxf4 21. Qxf4
Qd7 22. Qg5 Ra6 23. h5 Qe6 24. Rag1 Qh6 25. Qxh6 Rxh6 26. Rg5 Bc8 27. Re1 Rb6
28. Reg1 Rf7 29. R1g3 Kf8 30. Rf3 h6 31. Rg6 Rxg6 32. hxg6 Rb7 33. Bxf5 Bxf5
34. Rxf5+ Ke8 35. e6 b4 36. axb4 axb4 37. Rxd5 Ke7 38. Rd7+ Rxd7 39. exd7 b3
40. d8=Q+ Kxd8 41. Ke3 Ke7 42. d5 Kf6 43. Ke4 h5 44. d6 Ke6 45. d7 Kxd7 46. Kf4
Ke6 47. Kg5 h4 48. Kxh4 Kf5 49. Kg3 Kxg6 50. Kf4 Kf6 51. Ke4 g5 52. Kd4 Kf5 53.
Kxc4 Kf4 54. Kd4 Kf3 55. c4 Kxf2 56. c5 g4 57. c6 g3 58. c7 g2 59. c8=Q g1=Q
60. Qc3 Qg4+ 61. Kc5 Qa4 62. Qd4+ Qxd4+ 63. Kxd4 Kf3 64. Kc3 Ke4 65. Kxb3 Kd5
66. Kb4 Kc6 67. Ka5 Kb7 68. Kb5 Ka7 69. Kc6 Ka6 70. b4 Ka7 71. b5 Kb8 72. Kb6
1-0